LEADER 01177nam a2200265 i 4500 001 000000141685 003 CaOOAMICUS 005 20050727000000.0 008 050727s1985 it u000 u ita u 013 $a116413 020 $a88-7030-464-7 040 $aSeMil$bita 100 1 $aBotturi, Francesco,$d<1947- >.$0(OLS)http://semarc/name/308 245 10$aDesiderio e verità :$bper una antropologia cristiana nell'età secolarizzata /$cFrancesco Botturi. 260 $aMilano :$bMassimo,$c1985. 300 $a223 p. ;$c20 cm. 490 0 $aProblemi del nostro tempo ;$v64 650 4$aCristianesimo e cultura.$0(OLS)http://semarc/subject/6562 650 4$aUomo - Concezione cristiana.$0(OLS)http://semarc/subject/6344 830 0$aProblemi del nostro tempo ;$v64.$0(OLS)http://semarc/title/7322 850 $aSeMil 852 $aSeMil$W1$xVenegono$y1$m2R II 342$j94905$B94905$CSeMilBibl$Z2$F100902 $81 996 $6020$a88-7030-464-7$9(OLS)http://semarc/number/129895 996 $6245$aDesiderio e verità :$bper una antropologia cristiana nell'età secolarizzata$9(OLS)http://semarc/title/207093 996 $6260$aMilano :$bMassimo$9(OLS)http://semarc/publisher/30297 LEADER 01146nam a2200265 i 4500 001 000000122323 003 CaOOAMICUS 005 20040130000000.0 008 040130s1971 it u000 u ita u 013 $a95018 040 $aSeMil$bita 100 1 $aDella Volpe, Galvano,$d<1895-1968>.$0(OLS)http://semarc/name/33869 245 10$aSchizzo di una storia del gusto /$cGalvano Della Volpe ; a cura di Ignazio Ambrogio. 260 $aRoma :$bEditori Riuniti,$c1971. 300 $a106 p. ;$c22 cm. 490 0 $aNuova biblioteca di cultura ;$v100 500 $aContiene : Bibliografia ristretta ; Indice dei nomi. 650 4$aArte - Filosofia.$0(OLS)http://semarc/subject/7762 700 1 $aAmbrogio, Ignazio.$0(OLS)http://semarc/name/6404 830 0$aNuova biblioteca di cultura ;$v100.$0(OLS)http://semarc/title/7069 850 $aSeMil 852 $aSeMil$W1$xVenegono$y1$m46 5 100 *$j77317$B77317$CSeMilBibl$Z2$F79195 $81 961 $aRecupero: Biblioteca Seminario Liceale 996 $6245$aSchizzo di una storia del gusto$9(OLS)http://semarc/title/180259 996 $6260$aRoma :$bEditori Riuniti$9(OLS)http://semarc/publisher/30240